[Event "EU-ch 11th"]
[Site "Rijeka"]
[Date "2010.03.16"]
[Round "10"]
[White "Postny, Evgeny"]
[Black "Jurcik, Marian"]
[Result "1-0"]
[WhiteElo "2641"]
[BlackElo "2510"]
[Annotator "Postny,E"]
[PlyCount "89"]
[EventDate "2010.03.06"]
[EventType "swiss"]
[EventRounds "11"]
[EventCountry "CRO"]
[SourceTitle "CBM 136"]
[Source "ChessBase"]
[SourceDate "2010.05.18"]
[SourceVersion "1"]
[SourceVersionDate "2010.05.18"]
[SourceQuality "1"]

1. d4 Nf6 2. c4 e6 3. Nf3 Bb4+ 4. Bd2 Qe7 5. g3 Nc6 6. Nc3 Bxc3 7. Bxc3 Ne4 8.
Rc1 d6 9. Bg2 O-O 10. d5 ({The other main line is} 10. O-O Nxc3 11. Rxc3 e5 12.
d5 {and here Black can choose between Nc6-b8 or Nc6-d8 followed by f7-f5 and
Nd8-f7.}) 10... Nxc3 11. Rxc3 Nb8 12. dxe6 {Basically it's a matter of taste
whether to take on e6. This exchange slightly weakens Black's king position
and opens the long diagonal for the dark-squared bishop. On the other hand
without the pawn on d5 it's easier for Black to develop his queenside pieces.}
(12. O-O e5 {may transpose to the above mentioned main line.}) 12... fxe6 13.
O-O Nd7 {This is the most flexible way of development. The knight can move
either to c5 or f6, according to circumstances.} (13... Nc6 {appeared in
practice as well, but with bad statistics for Black.}) 14. Nd4 {I thought that
my opponent has prepared something, so I decided to be the first one to
deviate from my own game.} (14. Qd2 Nf6 15. Ng5 h6 16. Ne4 Nxe4 17. Bxe4 Rb8
18. c5 $1 dxc5 19. Rfc1 b6 20. b4 Bb7 21. Bxb7 Rxb7 22. bxc5 {1/2-1/2 Postny,E
(2648)-Charnushevich,A (2501)/Nancy FRA 2010/The Week in Chess 799 (59). with
a stable advantage for White thanks to a superior pawn structure and a
vulnerable black king.}) 14... Nf6 15. Qc2 $6 {This move is not the best as it
robs White's knight of the c2-square, which could be used to transfer it to e3.
} (15. c5 d5 16. c6 b6 17. f4 e5 18. fxe5 Qxe5 $11 {1/2-1/2 Dreev,A (2645)
-Benjamin,J (2565)/Yerevan 1996/EXT 1997 (28)}) (15. b4 {This plan of a
queenside offensive seems very logical.} e5 16. Nc2 Rd8 17. b5 a6 18. Nb4 e4
19. bxa6 c6 20. Qb1 Qe5 21. Rb3 Re8 22. Qb2 $14 {1-0 Pinter,J (2560)-Hertneck,
G (2565)/Germany 1996/GER-chT2 (90)}) 15... e5 (15... c6 16. Rd1 e5 {would
force me to retreat to f3 after which Black has equal chances.}) 16. Nf5 Bxf5
17. Qxf5 {Now, at least, I enjoy the slight superiority of a bishop over the
knight.} c6 18. Qc2 (18. Rd1 $6 Nd5 19. Bxd5+ cxd5 {and Black is fine.}) 18...
Rad8 19. Rd1 Rf7 20. Rd2 Qe6 21. e3 Rfd7 {Here my opponent offered a draw. I
evaluated my position as slightly better, so the offer was declined. Black's
only weakness - Pd6 - is well protected. Therefore, sooner or later, White's
only reasonable plan is to push b2-b4-b5 pressing on the Pc6.} 22. Qd1 h5 $6 {
When my opponent took the h-pawn, I was sure that he was going to play h7-h6.
The move in the text was a pleasant surprise, as it weakens the black king
position.} 23. Qf1 {[%cal Gg2h3]} Qf7 24. Qb1 Qe6 25. b4 (25. Qg6 {is just a
punch in the air.} Qg4 {and White has nothing better than to go back.}) 25...
d5 {This move wasn't forced, but it's understandable that my opponent is
trying to achieve some active counterplay.} (25... e4 26. Rd4 $1 d5 27. Qb3 $14
{Black can never really take on c4 as it will make his Pe4 very vulnerable.
For instance:} dxc4 28. Rcxc4 Rxd4 29. Rxd4 Rd5 30. b5 $1 $16) 26. cxd5 cxd5 (
26... Nxd5 $6 27. Rcd3 Nc3 (27... Nf6 28. b5 Rxd3 29. Rxd3 Rxd3 30. Qxd3 Qxa2
31. bxc6 bxc6 32. Bxc6 $14) 28. Qc2 Rxd3 29. Rxd3 Rxd3 30. Qxd3 Nxa2 31. b5 $1
{with a strong initiative. Black's extra pawn has no significance. Meanwhile
his weakened king is the dominant factor in the position.}) 27. Rcd3 d4 $2 {
This is wrong in principle. Now the white bishop becomes very strong.} (27...
e4 {Black should block the bishop.} 28. Rd4 (28. Rc3 d4 29. Rxd4 Rxd4 30. exd4
Rxd4 $11) 28... Rc8 {and Black seems to be okay, even though I would prefer to
be on the white side in this position.}) 28. exd4 exd4 $6 (28... e4 {looks a
bit non-human, but it was a better alternative.} 29. d5 Rxd5 30. Rxd5 Rxd5 31.
Qb3 Re5 32. Qe3 {Black's position is unpleasant, but he can hold.}) 29. Qd1 Qc4
30. a3 $16 {White's advantage is pretty obvious. The bishop is superior to the
knight and Black's king is weakened. The central passed pawn is securely
blocked and not dangerous. White's plan is to activate his major pieces and to
bring his bishop to d3 where it will create threats against the black monarch.
It's not so easy to realise though.} b6 31. Bf1 Qd5 32. Bg2 (32. Rxd4 $2 Qxd4
33. Rxd4 Rxd4 {Against correct defence this would be a draw, Black can build a
kind of fortress.}) 32... Qc4 33. Rc2 Qe6 34. Rc6 {The rook is out of place
here, but I didn't know this yet.} (34. Re2 Qc4 35. Bh3 Rd6 36. Re7 a5 37. bxa5
bxa5 38. Re5 a4 39. Bf5 $16) 34... Rd6 35. Rc7 R6d7 36. Rc2 {The exchange of
rooks would make Black's defensive task easier.} Rd6 37. Re2 {Going back to
the right plan.} Qc4 38. Re5 Rc8 39. Bf1 Rcd8 40. Rf5 Qe6 41. Rf4 {Finally I
found a good place for the rook, where it puts pressure on the Pd4 and can't
be harassed by black's queen.} Qe5 42. h4 Qd5 43. Rd2 Qe5 $4 {Just a blunder.}
(43... Kh8 44. Bd3 {would keep the fight on. White has a big advantage.}) 44.
Bc4+ Kh8 45. Re2 {[%csl Re5] The queen is trapped in the centre of the board.}
1-0

[Event "EU-Cup 33rd"]
[Site "Antalya"]
[Date "2017.10.13"]
[Round "6.2"]
[White "Postny, Evgeny"]
[Black "Najer, Evgeniy"]
[Result "1/2-1/2"]
[WhiteElo "2569"]
[BlackElo "2699"]
[Annotator "Postny,E"]
[PlyCount "82"]
[EventDate "2017.10.08"]
[EventType "team-swiss"]
[EventRounds "7"]
[EventCountry "TUR"]
[SourceTitle "CBM 181"]
[Source "ChessBase"]
[SourceDate "2017.11.10"]
[SourceVersion "1"]
[SourceVersionDate "2017.11.10"]
[SourceQuality "1"]
[WhiteTeam "Beer Sheva"]
[BlackTeam "Legacy Square Capital"]
[WhiteTeamCountry "ISR"]
[BlackTeamCountry "RUS"]

1. d4 Nf6 2. c4 e6 3. Nf3 Bb4+ {This opening came as a surprise to me.} 4. Bd2
c5 {A strategically risky line, but Black has some ideas.} 5. Bxb4 cxb4 6. a3
bxa3 7. Nxa3 {I used to recapture with the rook, but here I decided to give a
try to a slightly different setup.} (7. Rxa3 Nc6 8. e3 O-O 9. Nc3 d6 10. Be2 e5
(10... b6 {perhaps more flexible.}) 11. O-O $14 {1-0 (44) Postny,E (2651)
-Drasko,M (2527) Novi Sad 2009}) 7... O-O 8. e3 Nc6 (8... d6 9. b4 b6 10. Be2
Bb7 11. O-O {This is more or less an ideal setup for White.} a6 12. Qb3 $14 {
1-0 (43) Laznicka,V (2651)-Castellanos Rodriguez,R (2495) Monzon 2016}) 9. Be2
b6 10. Nc2 $6 $146 {At this point I couldn't imagine that I won't be able to
castle in this game.} (10. O-O d6 11. Qb1 $6 (11. Ne1 Bb7 12. Nd3 {looks like
a good manoeuvre. The knight supports the advance b2-b4 and the bishop can
come to f3 at some point. White should be slightly better.}) 11... a5 12. Rd1
Ba6 13. Nc2 d5 14. b3 Ne4 $11 {0-1 (41) Beliavsky,A (2630)-Salov,V (2575)
Szirak 1987 CBM 003 [Ftacnik,L]}) 10... Bb7 11. b4 $6 {Consequent and wrong.}
a5 $1 12. bxa5 (12. b5 {I didn't like this in general as it gives Black a
strong protected passed pawn. Black can even play now} Nb4 $1 (12... Ne7 {
isn't bad either.}) 13. Nxb4 axb4 {[%cal Gf6e4,Ge4c3] and White can't win the
pawn on b4, while the black knight will come to c3.}) 12... Nxa5 13. Na3 $6 {
My knight is going back and forth, desperately trying to prevent my structure
from being ruined.} (13. O-O Bxf3 14. gxf3 {was objectively the right way to
play. Nothing disastrous happened - the position is approximately equal.} (14.
Bxf3 Rc8 $15 {[%csl Rc4]})) 13... Ne4 $1 14. Nb5 (14. O-O $2 Nc3 15. Qc2 Nxe2+
16. Qxe2 d5 $17) (14. Bd3 $6 f5 15. O-O Nc3 16. Qc2 Bxf3 17. gxf3 Qg5+ 18. Kh1
Qh5 19. Rg1 Qxf3+ 20. Rg2 Ne4 $17) 14... Ng5 $1 15. Nd6 {I spent a lot of time
at this stage of the game, trying to figure out what to do and how I had
managed to get a worse position as White before move fifteen.} ({Black wins a
healthy pawn after} 15. O-O Nxf3+ 16. Bxf3 Bxf3 17. Qxf3 Nxc4) ({or} 15. Rc1
Nxf3+ 16. Bxf3 Bxf3 17. Qxf3 Nxc4 $1) 15... Nxf3+ (15... Bxf3 16. gxf3 (16.
Bxf3 Nxf3+ 17. Qxf3 Qb8 $1 18. Nb5 Nxc4 $17) 16... Qe7 17. h4 Qxd6 18. hxg5
Nxc4 19. Rxa8 Qb4+ 20. Kf1 Rxa8 $17) 16. gxf3 Ba6 {My knight is shaky so I
have to support it with c4-c5.} 17. Rc1 $6 {It was preferable to support the
knight right away.} (17. c5 Bxe2 18. Kxe2 bxc5 19. dxc5 {and White is only
slightly worse.}) 17... Qe7 (17... Qc7 18. c5 Bxe2 19. Kxe2 Rfb8 $17) 18. c5
bxc5 19. dxc5 Bxe2 20. Kxe2 Nc6 {Now the drawback of 17.Rc1 is clear - I don't
control the a-file.} 21. Qd2 Ra4 (21... Qh4 {was also good.}) 22. Qc3 Qg5 $6 {
I was surprised by this.} ({I was more concerned about} 22... Qh4 {and most
likely I will have to part with the Ph2.}) 23. Ra1 $6 {Already here both
players had less than ten minutes to reach the time control in a rather
complicated position.} (23. Rhg1 Ra2+ {was a source of worry, but an engine is
not frightened by this.} 24. Kf1 Qh6 25. Rg3 {and White's position improved
somehow.}) 23... Rh4 $6 (23... Rxa1 24. Rxa1 Qh5 $17) 24. Rhg1 Qh6 25. Rad1 (
25. Nc4 Rxh2 26. Rad1 $132 {[%csl Rd7]}) 25... f6 $6 (25... Ne7 $1 $15 {
[%cal Ge7d5]}) 26. Ne4 $6 {My knight manoeuvres were far from impressive in
this game.} (26. Nc4 $1 {was the right way to attack the Pd7, keeping under
control the e5-square as well.} Rf7 27. Nd6 $11) 26... Ne5 {Now my king is in
real danger.} ({An immediate exchange sacrifice} 26... Rxe4 {was also an
option to consider.} 27. fxe4 Qh5+ 28. Ke1 Ne5 29. Rg3 Qxh2 30. c6 dxc6 31. Qb3
Re8 32. Rd6 {with sufficient counterplay.}) 27. c6 $1 {The only counterplay.}
Rxe4 $5 (27... dxc6 28. Qb3 {[%csl Re6]} Rxe4 29. fxe4 (29. Qxe6+ $6 Kh8 30.
fxe4 Qh5+ {and the king has to go to e1, getting a fork on f3. The rook on d1
in protected by the queen.}) 29... Qh5+ 30. Kf1 Qh3+ 31. Ke2 $11) 28. fxe4 $6 (
28. cxd7 $1 {It was nearly impossible to calculate the spectacular variations
lurking behind the scene:} Nxf3 $1 (28... Rc4 $6 29. Qxc4 $1 Nxc4 30. d8=Q Rxd8
31. Rxd8+ Kf7 32. Rd7+ Kf8 33. Ra1 Nb6 34. Rb7 {and Black has to be careful
not to lose.}) 29. Rg3 $1 (29. Kxf3 $2 Qh5+ 30. Kxe4 {leads to a lovely mate:}
(30. Kg2 Qg4+ $19 {[%csl Rd1]}) 30... Qf5+ 31. Kd4 Qd5#) 29... Qh5 30. Rxf3
Qb5+ 31. Qd3 Qxd3+ 32. Kxd3 Re5 33. Kc4 Rd8 34. Rh3 $1 {[%cal Gf2f4] and this
endgame should end in a draw.}) 28... Qh5+ 29. Kd2 Rc8 $2 {Both players
thought that this move is strong, but in fact it spoils the advantage. The
pawn should have been eliminated.} (29... dxc6 30. Kc1 Qxh2 $17 31. f4 $2 (31.
Qc2 $17) 31... Nf3 32. Rgf1 Qa2 $1 33. Rxf3 Rb8 34. Qc2 Qa3+ 35. Kd2 Rb2 $19) (
29... Nxc6 30. f4 Qxh2+ 31. Kd3 Rc8 32. Qd2 Qh5 33. Rb1 Ra8 $17) 30. c7 {
The pawn is alive and kicking!} (30. cxd7 $4 Nf3+) 30... Qxh2 31. Ke2 Qh5+ 32.
Kd2 {The duo queen + knight is exceptionally dangerous, but somehow White
holds his own.} Qh2 (32... Nf3+ 33. Kc2 Nxg1 34. Rxd7 Qe2+ 35. Rd2 Qa6 36. Rd8+
Kf7 37. Qc5 Qa2+ 38. Kc1 Qa1+ $11) 33. Ke2 Qh5+ 34. Kd2 Qf3 35. Ke1 $1 {
In time trouble I managed to find the right path for a draw.} (35. Rgf1 $2 Qxe4
{is just bad.}) 35... Qxe4 36. f4 Nf3+ (36... Rxc7 37. Qxc7 Qxe3+ 38. Kf1 Qxf4+
39. Ke2 {and in this wild position Black doesn't have more than a perpetual
check.}) 37. Kf2 Nxg1 38. Rxd7 {Black's knight grabbed the rook, but lost the
thread. The repetition is inevitable.} Nh3+ 39. Kg3 Ng1 40. Kf2 Nh3+ 41. Kg3
Ng1 1/2-1/2

[Event "Rilton Cup 35th"]
[Site "Stockholm"]
[Date "2006.01.02"]
[Round "6"]
[White "Postny, Evgeny"]
[Black "Berczes, Csaba"]
[Result "1-0"]
[WhiteElo "2571"]
[BlackElo "2389"]
[Annotator "Postny,E"]
[PlyCount "65"]
[EventDate "2005.12.27"]
[EventType "swiss"]
[EventRounds "9"]
[EventCountry "SWE"]
[SourceTitle "CBM 110 Extra"]
[Source "ChessBase"]
[SourceDate "2006.03.10"]
[SourceVersion "2"]
[SourceVersionDate "2006.03.10"]
[SourceQuality "1"]

1. d4 Nf6 2. c4 e6 3. g3 Bb4+ 4. Bd2 Qe7 5. Nf3 Nc6 6. Nc3 ({Other main line
goes with} 6. Bg2 Bxd2+ 7. Nbxd2) 6... Bxc3 7. Bxc3 Ne4 8. Rc1 O-O 9. Bg2 a5 {
This is a rare move. The main move here is 9...d6.} 10. O-O Nxc3 11. Rxc3 d6
12. d5 Nb4 {This is the point of 9...a5. The knight goes to a6 which will
prevent white's queenside offensive, at least for a while.} (12... Nd8 $6 {
Not the best place for the knight.} 13. Nd2 e5 14. c5 dxc5 15. Qc1 Bd7 16. Rd1
c6 17. Nc4 Ra6 18. d6 Qe6 19. Qe3 $16 {1-0 Antic,D (2512)-Ionica,I (2246)/
Kavala 2005/CBM 107 ext (43)}) 13. a3 Na6 14. Nd2 {Usually, White players
choose here 14.dxe6 opening up the centre. During the game I could not make up
my mind between 14.dxe6 and the move in the text.} (14. dxe6 fxe6 15. Ne1 (15.
Nd2 e5 16. Ne4 Be6 17. Qd2 h6 18. Rcc1 a4 19. Qc2 Bd7 20. c5 Bc6 21. cxd6 cxd6
22. Rcd1 Rfd8 23. Nc3 Bxg2 24. Kxg2 Nc5 25. Rd5 $14 {1-0 Tukmakov,V (2520)
-Arkell,K (2430)/Ostend 1990/EXT 97 (38)}) 15... Nc5 16. b4 axb4 17. axb4 Nd7
18. Nd3 c6 19. b5 Qf6 20. Rc2 cxb5 21. cxb5 $14 {1-0 Farago,I (2530)-Anka,E 
(2435)/Hungary 1998/EXT 2000 (40)}) 14... e5 15. b3 {This move is necessary to
prevent a5-a4 blocking white's queenside.} f5 $146 (15... Bd7 16. Qb1 Nc5 17.
b4 axb4 18. axb4 Na4 19. Ra3 h6 20. Qc2 Rfb8 21. Rfa1 Qe8 22. c5 b5 23. Nb3 $14
{1-0 Kuporosov,V (2486)-Kniazev,A (2286)/Samara 2002/CBM 089 ext (101)}) 16.
Qb1 {[%cal Gb3b4]} Bd7 17. Rd1 (17. b4 axb4 18. axb4 c5 19. dxc6 bxc6 {Black
should be okay here. Because of this line, I decided to put my rook on the "d"
file to put pressure on Pd6 in case of the same idea occur in the game.}) 17...
Rae8 18. b4 axb4 19. axb4 Bc8 $6 {Wasting time.} ({I expected} 19... e4 {
followed by Qe5.}) 20. Rdc1 {Now everything is ready for the advance c4-c5.}
Qf7 $6 (20... f4 $6 {simply gives the e4 square to white's control.} 21. Be4
$16) ({Again} 20... e4 {should have been preferred.}) 21. c5 e4 {[%csl Rd5]}
22. Qb3 ({I spent some time trying to find something after} 22. cxd6 Qxd5 23.
Nc4 b5 {, but black seems to be okay here.}) 22... Re5 {[%csl Rd5]} (22... f4
$2 23. Nxe4 Bf5 24. Ng5 Qf6 25. Ne6 fxg3 26. fxg3 Bxe6 27. dxe6 $18) 23. cxd6
Rxd5 {[%tqu "En","Find the best move for White.","","","b4b5","",12,"c3c7","",
0]} 24. b5 $1 ({Does not work:} 24. Rxc7 $2 Nxc7 25. Rxc7 Qe6 26. Qc3 Bd7)
24... Rxd2 25. bxa6 bxa6 26. dxc7 (26. Qb4 $2 Rxd6 27. Rxc7 Rd1+ $1 $17) 26...
Qxb3 27. Rxb3 {White has a big advantage in this endgame thanks to a strong
passer on c7. However, it's not so easy to break black's defense.} Kf7 (27...
Rxe2 $2 28. Bf1 Rd2 29. Bc4+ Kh8 30. Rb6 $1 $18 (30. Rb8 $2 Rd6)) 28. f3 {
It is necessary to get space for my dreaming bishop.} exf3 29. Bxf3 Ke7 30. Rb8
Rd6 31. h3 g6 32. Rc3 Kf6 $4 {A nervous slip in a time-trouble.} ({After a
normal continuation:} 32... h5 33. Kf2 Kd7 34. h4 Re6 {white has still a lot
of work to do to convert his advantage into a full point.}) 33. Rxc8 {Just
after I made this move, I realized that the immediate 33.Bb7 was winning a
full rook. After 33.Rxc8 white wins "only" a piece...} 1-0

[Event "Rohde op 12th"]
[Site "Sautron"]
[Date "2012.10.29"]
[Round "4"]
[White "Le Roux, Jean Pierre"]
[Black "Lagarde, Maxime"]
[Result "0-1"]
[WhiteElo "2563"]
[BlackElo "2501"]
[Annotator "Primel,D"]
[PlyCount "88"]
[EventDate "2012.10.27"]
[EventType "swiss"]
[EventRounds "9"]
[EventCountry "FRA"]
[SourceTitle "EXT 2014"]
[Source "ChessBase"]
[SourceDate "2013.11.20"]
[SourceVersion "1"]
[SourceVersionDate "2013.11.20"]
[SourceQuality "1"]
[TimeControl "40/5400+30:1800+30"]
[WhiteClock "1:30:00"]
[BlackClock "1:30:00"]

1. Nf3 {[%emt 0:01:51]} Nf6 {[%emt 0:00:00]} 2. c4 {[%emt 0:01:10]} e6 {
[%emt 0:00:40]} 3. d4 {[%emt 0:03:16]} Bb4+ {[%emt 0:00:13]} 4. Bd2 {[%emt 0:
01:19]} a5 {[%emt 0:00:20]} (4... Qe7) (4... Be7 5. g3 d5 6. Bg2 c6 7. O-O O-O
8. Qc2 b6 9. Rd1 Nbd7 (9... Ba6 10. b3 Nbd7 11. a4 Ne4 12. Bf4 f5 13. Nc3 Bb4
14. Na2 Be7 15. h4 Bb7 16. Nc1 c5 17. Nd3 $14 {Bologan}) 10. Bf4 Bb7) 5. g3 {
[%emt 0:06:09]} (5. Nc3) 5... d6 {[%emt 0:00:05]} 6. Bg2 {[%emt 0:02:53]} Nbd7
{[%emt 0:00:29][%cal Ge6e5]} 7. O-O {[%emt 0:00:57]} e5 {[%emt 0:00:11]} 8. e3
{[%emt 0:03:30][%csl Rd2] Solide mais un peu passif} (8. Bg5 $142 exd4 9. Nxd4
$14 {[%csl Rg7][%cal Ga2a3,Gd4f5]}) 8... c6 {[%emt 0:15:31] Après une longue
réflexion, les Noirs choisissent cette ligne secondaire} (8... Bxd2 {La grande
ligne}) 9. Bc1 $5 {[%emt 0:07:55][%csl Rb4][%cal Ga2a3]} (9. a3) 9... e4 {
[%emt 0:00:27]} 10. Ng5 {[%emt 0:02:41]} (10. Nh4 $5 d5 11. a3 Be7 12. Nf5 O-O
13. cxd5 cxd5 14. f3 Re8 15. fxe4 dxe4 16. Nxe7+ (16. Nc3 Bf8 17. g4 (17. Bd2
Nb6 18. Qe2)) 16... Qxe7 17. Nc3 Nf8 18. Bd2 Bg4) 10... d5 {[%emt 0:00:06]} 11.
c5 {[%emt 0:02:13][%cal Ga2a3] Renouvellant la menace de gain du B} h6 {
[%emt 0:00:41]} 12. Nh3 {[%emt 0:01:19]} a4 $8 {[%emt 0:00:09] La théorie
considére que les Noirs ont des compensations raisonnables pour le P sacrifié}
13. a3 {[%emt 0:03:34]} Ba5 {[%emt 0:00:06]} 14. Qxa4 {[%emt 0:01:10]} Nf8 {
[%emt 0:00:28]} 15. b4 {[%emt 0:13:18][%csl Ra3][%cal Ga4a8] La position est
toujours théorique mais JP avait visiblement des difficultés а se rappeler de
la théorie et il avait déjà dépensé beaucoup de temps dans l'ouverture.} (15.
Nf4 $5 {Le sacrifice donne des bons résultats et il était peut-être temps de
chercher une alternative} Bg4 16. Qc2 Qd7) 15... Bxh3 $1 {[%emt 0:01:04]} 16.
Bxh3 {[%emt 0:00:05]} Bc7 {[%emt 0:00:06]} 17. Qd1 {[%emt 0:07:06]} h5 {
[%emt 0:01:27][%csl Gh8][%cal Gh8h3]} 18. f4 {[%emt 0:02:48]} exf3 {[%emt 0:05:
13]} 19. Qxf3 {[%emt 0:06:13]} h4 $44 {[%emt 0:11:17][%csl Gc7,Gh8][%cal Gc7h2]
Les Noirs ont un jeu facile} 20. g4 {[%emt 0:01:11]} N8h7 {[%emt 0:11:30][%cal
Gh7g5]} (20... Qe7 21. Nc3 {Pashikian,A (2639)-Stocek,J (2567) EU-Cup 26th
Plovdiv 2010 (5.4) 0-1}) (20... Ne6) 21. Nc3 $146 {[%emt 0:00:40]} (21. Qf5 g6
22. Qf2 Qd7 23. Qxh4 g5 24. Qf2 Nf8 25. Qxf6 Rxh3 26. Qf5 Rxh2 27. Rf2 Rh4 28.
Rg2 Qe7 29. Nc3 Ne6 30. Bd2 O-O-O 31. Rf1 Rdh8 32. Rf3 R8h7 33. b5 Kb8 34. b6
Bf4 35. Ne2 Ng7 {Baryshpolets,A (2487)-Romanov,E (2631)/Voronezh 2012/Mega2012
Update 26/0-1 (52)}) 21... Ng5 $132 {[%emt 0:01:55]} 22. Qg2 {[%emt 0:02:50]}
O-O $32 {[%emt 0:07:25][%csl Ra1,Ra3,Rc1]} (22... Qd7 $5 {[%csl Rg4][%cal
Gg5h3]}) 23. b5 $6 {[%emt 0:13:06][%cal Gb5b6]} (23. Rf5 $5 Nfe4 24. Nxe4 Nxe4
25. Bb2 Qe7 26. Qe2 (26. Raf1) 26... Rae8 27. Re1) 23... Ba5 {[%emt 0:02:38]}
24. Ne2 $1 {[%emt 0:03:17][%cal Ge2f4]} Nfe4 {[%emt 0:03:58]} 25. Nf4 {[%emt 0:
01:22]} cxb5 {[%emt 0:04:43]} 26. Rb1 {[%emt 0:01:06]} Qd7 $1 {[%emt 0:00:06]
[%csl Rg4,Rh3]} 27. Nd3 {[%emt 0:03:28][%cal Gd3e5]} Bc7 {[%emt 0:03:22]} 28.
Kh1 {[%emt 0:00:15] (=)} (28. Rf5) 28... g6 {[%emt 0:01:46] Sans surprise, les
Noirs déclinent l'offre} 29. Nb4 {[%emt 0:02:54]} Rfe8 {[%emt 0:00:35]} 30. Rb3
$6 {[%emt 0:03:30] La partie commence а mal tourner pour les Blancs qui ont
des pièces désorganisées} (30. Nd3) 30... Ra4 {[%emt 0:03:24]} 31. Kg1 {
[%emt 0:00:49]} Kg7 {[%emt 0:02:36]} 32. Rd3 {[%emt 0:00:47]} Ba5 {[%emt 0:01:
06]} (32... Nxh3+ $1 33. Qxh3 Ng5 34. Qg2 h3 $19) 33. Nc2 {[%emt 0:00:54]} Rc4
{[%emt 0:01:53]} 34. Na1 {[%emt 0:00:03]} Bd8 {[%emt 0:09:38]} (34... Nxh3+)
35. Nb3 {[%emt 0:00:43]} Nxh3+ {[%emt 0:01:04]} 36. Qxh3 {[%emt 0:00:03]} Ng5 {
[%emt 0:00:05]} 37. Qg2 {[%emt 0:00:03]} h3 $19 {[%emt 0:00:11]} 38. Qe2 {
[%emt 0:00:39]} Re4 {[%emt 0:00:15]} 39. Rf4 {[%emt 0:01:25]} Bc7 {[%emt 0:00:
20]} 40. Rxe4 {[%emt 0:00:00]} dxe4 {[%emt 0:00:00]} 41. Rd1 {[%emt 0:00:45]}
Nf3+ {[%emt 0:03:39]} 42. Kh1 {[%emt 0:02:44]} Rc3 {[%emt 0:03:25]} 43. Nd2 {
[%emt 0:05:57]} Qxg4 {[%emt 0:00:27]} 44. d5 {[%emt 0:01:42]} Rxe3 {[%emt 0:02:
46] Sur cette variante 8.. c6, les Noirs semblent ok actuellement} 0-1